000 00817nam a22002297a 4500
999 _c1496
_d1496
003 AR-CdUCM
008 190227b ||||| |||| 00| 0 spa d
040 _aMUNICIPALIDAD PROVINCIAL DEL CUSCO
_cBIBLIOTECA MUNICIPAL DEL CUSCO
041 _hrus
082 _a327.17 /
_bM89
100 _aMshvenieradze, V.
_95665
245 _aEl anticomunismo hoy :
_bteoría y critica progreso /
260 _aMoscu :
_bProgreso,
_c1974.
300 _a85 páginas ;
_c20 cm.
505 _aContenido: Algunas peculiaridades del Anticomunismo contemporáneo -- El Anticomunismo y la concepción de la desideologización -- Teoría de la modernización.
650 _aRusia
_9499
650 _aCapitalismo
_93221
650 _aSocialismo
_91037
700 _aVládov L. (traducción)
_95666
942 _2ddc
_cLIBROS
945 _aachl